000 00730cab a2200229 4500
001 WB3329-48
008 090401t1997 xxu||||| |||| 00| 0 eng d
035 _a(Sirsi) u79901
041 _aeng
245 _aErnst & Young
260 _c1997
350 _a0
490 _aProperty Week
_v60(4) 25 July 1997, 2(1)
520 _aErnst & Young plans to double its real estate team over the next three years to cope with the growing demand for its property consultancy services.
650 _aERNST & YOUNG
650 _aINVESTMENT ADVICE
650 _aManagement consultancy
_96255
650 _aPROPERTY CONSULTANCY
690 _aMANAGEMENT-BUSINESS MANAGEMENT-PROFESSIONAL PRACTICE
942 _n0
948 _c25/07/1997
999 _c50282
_d50282